Ciencia & Educación: revista del Instituto Tecnológico de Santo Domingo
El segundo número de la revista tiene como objetivo atender con vocación y compromiso acorde al acto pedagógico y su alcance, la comunicación de nuevos conocimientos para lectores, ofreciendo planteamientos novedosos e innovaciones. El número de la revista consta de tres artículos con temáticas rela...
Guardado en:
| Formato: | Libro |
|---|---|
| Lenguaje: | Spanish |
| Publicado: |
Santo Domingo, República Dominicana :
INTECI,
2019
|
| Materias: | |
| Etiquetas: |
Agregar Etiqueta
Sin Etiquetas, Sea el primero en etiquetar este registro!
|
MARC
| LEADER | 00000nam a22000007a 4500 | ||
|---|---|---|---|
| 003 | cru IIS | ||
| 005 | 20221114161747.0 | ||
| 007 | ta | ||
| 008 | 220517s2019 dr |||p|r|||| 00| 0 spa d | ||
| 040 | |c cru IIS | ||
| 090 | |a 06.04.05 I59ci | ||
| 245 | |a Ciencia & Educación: |b revista del Instituto Tecnológico de Santo Domingo | ||
| 260 | |a Santo Domingo, República Dominicana : |b INTECI, |c 2019 | ||
| 300 | |a 56 páginas; volumen III, n° 2 | ||
| 520 | 3 | |a El segundo número de la revista tiene como objetivo atender con vocación y compromiso acorde al acto pedagógico y su alcance, la comunicación de nuevos conocimientos para lectores, ofreciendo planteamientos novedosos e innovaciones. El número de la revista consta de tres artículos con temáticas relacionadas a la innovación ligada al arte, creatividad y cultura en infantes, un análisis de tendencias y retos de la educación superior en República Dominicana, así como una investigación del concepto de corrupción en estudiantes de educación. FGO 14/11/2022 | |
| 650 | 0 | |2 OCDE |9 7608 |a PEDAGOGIA | |
| 650 | 0 | |2 OCDE |9 7497 |a INFANCIA | |
| 650 | 0 | |2 OCDE |9 5501 |a PEDAGOGIA CRITICA | |
| 650 | 0 | |2 OCDE |9 944 |a EDUCACION | |
| 651 | 0 | |2 TESAURO OCDE |9 309 |a REPUBLICA DOMINICANA | |
| 942 | |2 ddc |c LI | ||
| 999 | |c 44244 |d 44244 | ||
